[Event "Nicolosi Etna op 1st"]
[Site "Nicolosi"]
[Date "2014.12.06"]
[Round "2"]
[White "Marzaduri, Riccardo"]
[Black "Iannello, Antonio"]
[Result "1-0"]
[WhiteElo "2132"]
[BlackElo "1907"]
[PlyCount "71"]
[EventDate "2014.12.05"]
[EventType "swiss"]
[EventRounds "7"]
[EventCountry "ITA"]
[SourceTitle "CBM 163 Extra"]
[Source "ChessBase"]
[SourceDate "2014.12.23"]
[SourceVersion "1"]
[SourceVersionDate "2014.12.23"]
[SourceQuality "1"]

1. e4 c5 2. Nf3 d6 3. d4 cxd4 4. Nxd4 Nf6 5. Nc3 Nc6 6. Be2 g6 7. 0-0 Bg7 8. Be3 0-0 9. Kh1 Bd7 10. f4 Rc8 11. Nb3 a6 12. a4 Na5 13. e5 Ne8 14. Nxa5 Rxc3 15. Nxb7 Qc7 16. bxc3 Qxb7 17. Bd4 dxe5 18. fxe5 Nc7 19. Bf3 Bc6 20. Bxc6 Qxc6 21. Qf3 Qe6 22. Qb7 Rc8 23. Rab1 Nd5 24. Rf3 Rc7 25. Qa8+ Rc8 26. Rb8 Rf8 27. Rxf8+ Bxf8 28. Qb7 a5 29. Qb5 Bg7 30. c4 Nb4 31. c3 Nc6 32. Qd5 Qc8 33. Qxf7+ Kh8 34. e6 Nxd4 35. cxd4 Bf6 36. Rxf6 1-0

[Event "Locri op 2nd"]
[Site "Locri"]
[Date "2014.04.17"]
[Round "4"]
[White "Iannello, Antonio"]
[Black "Laketic, Gojko"]
[Result "0-1"]
[WhiteElo "1888"]
[BlackElo "2428"]
[PlyCount "98"]
[EventDate "2014.04.16"]
[EventType "swiss"]
[EventRounds "7"]
[EventCountry "ITA"]
[SourceTitle "EXT 2017"]
[Source "ChessBase"]
[SourceDate "2016.10.25"]
[SourceVersion "1"]
[SourceVersionDate "2016.10.25"]
[SourceQuality "1"]

1. e4 d6 2. d4 Nf6 3. Nc3 e5 4. Nf3 Nbd7 5. Bc4 Be7 6. 0-0 0-0 7. Re1 c6 8. a4 a5 9. Qe2 Qc7 10. h3 Nb6 11. Bb3 Nfd7 12. Be3 exd4 13. Bxd4 Ne5 14. Nxe5 dxe5 15. Be3 Nd7 16. Rad1 Nc5 17. Bc4 Bd7 18. Qf3 Rad8 19. Qg3 Bc8 20. Ba2 Rfe8 21. Qf3 Bf8 22. Rxd8 Rxd8 23. Rd1 Re8 24. Bc4 Ne6 25. Rd2 Bb4 26. Qd1 Nc5 27. Bxc5 Bxc5 28. Qf3 Qe7 29. Ne2 g6 30. Ng3 Kg7 31. c3 Rf8 32. Qd1 Qg5 33. Kh2 Qf4 34. Qe2 h5 35. Kh1 Bb6 36. Nf1 Rd8 37. Rxd8 Bxd8 38. Qe3 Qxe3 39. Nxe3 Bg5 40. Bd3 Bxe3 41. fxe3 Be6 42. c4 Kf6 43. Kg1 Ke7 44. c5 Bb3 45. Kf2 Bxa4 46. Bc4 Bc2 47. Kf3 f6 48. Bg8 Bd3 49. Bh7 Kf7 0-1

[Event "Terre degli Elimi op 4th"]
[Site "Erice"]
[Date "2013.07.25"]
[Round "2"]
[White "Spinelli, Dario"]
[Black "Iannello, Antonio"]
[Result "1/2-1/2"]
[WhiteElo "1606"]
[BlackElo "1852"]
[PlyCount "62"]
[EventDate "2013.07.24"]
[EventType "swiss"]
[EventRounds "7"]
[EventCountry "ITA"]
[SourceTitle "EXT 2015"]
[Source "ChessBase"]
[SourceDate "2014.11.20"]
[SourceVersion "1"]
[SourceVersionDate "2014.11.20"]
[SourceQuality "1"]

1. e4 c5 2. Nf3 d6 3. d4 cxd4 4. Nxd4 Nf6 5. Nc3 a6 6. Bc4 e6 7. Nf3 Be7 8. e5 dxe5 9. Qxd8+ Bxd8 10. Nxe5 Bc7 11. Nf3 b5 12. Bd3 Bb7 13. a3 0-0 14. 0-0 Nbd7 15. b4 Ne5 16. Nxe5 Bxe5 17. Bb2 Rac8 18. Nd1 Bxb2 19. Nxb2 Nd5 20. c4 bxc4 21. Bxc4 Nf4 22. f3 Rfd8 23. Rad1 Nd5 24. Rd3 Rc7 25. Rfd1 Rdc8 26. Bxd5 Bxd5 27. Na4 Rc6 28. Nc5 h6 29. Rc3 R8c7 30. Rdc1 Rc8 31. R1c2 R8c7 1/2-1/2